La diplomacia mundial ante la guerra española : (Record no. 143794)

MARC details
000 -LEADER
campo de control de longitud fija 01215cam a22002891i 4500
001 - NÚMERO DE CONTROL
campo de control 143794
003 - IDENTIFICADOR DE NÚMERO DE CONTROL
campo de control SpMaBN
005 - FECHA Y HORA DE LA ÚLTIMA TRANSACCIÓN
campo de control 20250505180702.0
008 - DATOS DE LONGITUD FIJA--INFORMACIÓN GENERAL
campo de control de longitud fija 981210s1969 sp spa
016 7# - NÚMERO DE CONTROL DE UNA AGENCIA BIBLIOGRÁFICA NACIONAL
Número de control del registro bimoBNE20000201823
Número de control cancelado/no válido IND9800833174
Fuente SpMaBN
017 ## - NÚMERO DE COPYRIGHT O DE DEPÓSITO LEGAL
Número de copyright o de depósito legal M 12082-1969
Agencia que asigna Oficina Depósito Legal Madrid
035 ## - NÚMERO DE CONTROL DEL SISTEMA
Número de control de sistema (OCoLC)432725210
040 ## - FUENTE DE CATALOGACIÓN
Centro catalogador/agencia de origen SpMaBN
Lengua de catalogación spa
Centro/agencia transcriptor CDM
Centro/agencia modificador ES-MaACL
080 ## - NÚMERO DE LA CLASIFICACIÓN DECIMAL UNIVERSAL
Número de la Clasificación Decimal Universal 327:946"1936/39"
080 ## - NÚMERO DE LA CLASIFICACIÓN DECIMAL UNIVERSAL
Número de la Clasificación Decimal Universal 946"1936/39":327
100 0# - ENTRADA PRINCIPAL--NOMBRE DE PERSONA
Nombre de persona Sevillano Carbajal, Francisco-Virgilio
9 (RLIN) 105948
245 13 - MENCIÓN DEL TÍTULO
Título La diplomacia mundial ante la guerra española :
Resto del título crónica basada en una colección de documentos diplomáticos y políticos, producidos por las potencias con motivo de dicha guerra /
Mención de responsabilidad, etc. Francisco Virgilio Sevillano Carbajal ; prólogo de Manuel Fraga Iribarne
260 ## - PUBLICACIÓN, DISTRIBUCIÓN, ETC.
Lugar de publicación, distribución, etc. Madrid :
Nombre del editor, distribuidor, etc. Editora Nacional,
Fecha de publicación, distribución, etc. 1969
300 ## - DESCRIPCIÓN FÍSICA
Extensión 483 p. ;
Dimensiones 24 cm
490 0# - MENCIÓN DE SERIE
Mención de serie Colección tierra : Serie Historia
500 ## - NOTA GENERAL
Nota general Indices
651 #4 - PUNTO DE ACCESO ADICIONAL DE MATERIA--NOMBRE GEOGRÁFICO
Nombre geográfico España
Subdivisión general Historia
Subdivisión cronológica 1936-1939, Guerra civil
Fuente del encabezamiento o término embne
9 (RLIN) 8292
700 1# - ENTRADA AGREGADA--NOMBRE PERSONAL
Nombre de persona Fraga Iribarne, Manuel,
Fechas asociadas al nombre 1922-2012
9 (RLIN) 193721
852 ## - LOCALIZACIÓN
Ubicación ES-MaACL
Sublocalización o colección R.70804
Número de control de estantería C-37878
itemnumber 148990
Ubicación en estantería Depósito 2
942 ## - ELEMENTOS DE ENTRADA SECUNDARIOS (KOHA)
Fuente del sistema de clasificación o colocación Clasificación decimal universal
Tipo de ítem Koha Libro impreso
Holdings
Estatus retirado Estado de pérdida Fuente del sistema de clasificación o colocación Estado de daño No para préstamo Biblioteca de origen Biblioteca actual Ubicación en estantería Fecha de adquisición Total de préstamos Signatura topográfica completa Código de barras Visto por última vez Precio de reemplazo Tipo de ítem Koha
    Clasificación decimal universal     Biblioteca del Ateneo de Madrid Biblioteca del Ateneo de Madrid Depósito 2 17/01/2008   C-37878 1149607 23/02/2023 23/02/2023 Libro impreso